Repertorio de jurisprudencia civil española o Compilación ... del Tribunal Supremo / (Record no. 114682)

MARC details
000 -LEADER
campo de control de longitud fija 00936nam a2200205 i 4500
001 - NÚMERO DE CONTROL
campo de control 114682
003 - IDENTIFICADOR DE NÚMERO DE CONTROL
campo de control ES-MaACL
005 - FECHA Y HORA DE LA ÚLTIMA TRANSACCIÓN
campo de control 20230906190227.0
007 - CAMPO FIJO DE DESCRIPCIÓN FÍSICA--INFORMACIÓN GENERAL
campo de control de longitud fija t|
008 - DATOS DE LONGITUD FIJA--INFORMACIÓN GENERAL
campo de control de longitud fija 070320m18731884sp ||||1| spa d
245 00 - MENCIÓN DEL TÍTULO
Título Repertorio de jurisprudencia civil española o Compilación ... del Tribunal Supremo /
Mención de responsabilidad, etc. por J. Mª Pantoja ; precedido de una introducción histórica por Pedro Gómez de la Serna.
250 ## - MENCION DE EDICION
Mención de edición 2ª ed.
260 ## - PUBLICACIÓN, DISTRIBUCIÓN, ETC.
Lugar de publicación, distribución, etc. Madrid :
Nombre del editor, distribuidor, etc. Imprenta de la Revista de Legislación,
Fecha de publicación, distribución, etc. 1873-1884.
300 ## - DESCRIPCIÓN FÍSICA
Extensión 4 v. ;
Dimensiones 23 cm.
505 8# - NOTA DE CONTENIDO CON FORMATO
Nota de contenido con formato Contiene: V. 1. Repertorio de jurisprudencia con los recursos de nulidad, casación e injusticia notoria desde 1838-1866 -- v.2. Años 1867-1874 -- v. 3. Años 1875-1880 -- v. 4. Años 1881-1882
650 ## - PUNTO DE ACCESO ADICIONAL DE MATERIA--TÉRMINO DE MATERIA
Término de materia o nombre geográfico como elemento de entrada Derecho civil-
Subdivisión geográfica España-
Subdivisión general Jurisprudencia.
9 (RLIN) 11662
700 1# - ENTRADA AGREGADA--NOMBRE PERSONAL
Nombre de persona Pantoja, José María.
9 (RLIN) 88825
700 1# - ENTRADA AGREGADA--NOMBRE PERSONAL
Nombre de persona Gómez de la Serna, Pedro.
9 (RLIN) 57900
852 ## - LOCALIZACIÓN
Ubicación ES-MaACL
Número de control de estantería B-9678-81
Holdings
Estatus retirado Estado de pérdida Estado de daño No para préstamo Colección Biblioteca de origen Biblioteca actual Ubicación en estantería Fecha de adquisición Fuente de adquisición Total de préstamos Signatura topográfica completa Código de barras Visto por última vez Precio de reemplazo Tipo de ítem Koha
        Libros del s. XIX Biblioteca del Ateneo de Madrid Biblioteca del Ateneo de Madrid Sala Pardo Bazán 17/01/2008     B-9678-81 1119593 23/02/2023 23/02/2023 Libro impreso antiguo